| 000 | 00538nam a2200193 4500 | ||
|---|---|---|---|
| 001 | vtls001952368 | ||
| 003 | NLI | ||
| 005 | 20210630064835.0 | ||
| 008 | 170613 00 eng | ||
| 020 | _a9788131203071 | ||
| 039 | 9 |
_y201706131550 _zbiswajitg |
|
| 100 | 1 |
_aRoss, Sheldon M. _91111404 |
|
| 245 | 1 | 0 | _aProbability models for computer science |
| 260 |
_aGurgaon : _bElsevier , _c2012 |
||
| 887 | _a | ||
| 903 | _abiswajit ghosh | ||
| 999 |
_aVIRTUA4 _c1375475 _d1375475 |
||
| 942 |
_2ddc _cBKS |
||
| 999 | _aVTLSSORT0080*0200*1000*2450*2600*9030*9992 | ||